Geometry and the imagination /
Guardado en:
| Autor Principal: | |
|---|---|
| Otros Autores: | |
| Formato: | Libro |
| Idioma: | English German |
| Publicado: |
New York :
Chelsea,
1956.
|
| Etiquetas: |
Agregar Etiqueta
Sin Etiquetas, Sea el primero en etiquetar este registro!
|
| LEADER | 00621nam a22001815a 4500 | ||
|---|---|---|---|
| 001 | MAT.inmabb000654 | ||
| 008 | 031118s1956####nyu###########001#0#eng#d | ||
| 005 | 20130419152644.0 | ||
| 245 | 1 | 0 | |a Geometry and the imagination / |c by D. Hilbert and S. Cohn-Vossen ; translated by P. Nemenyi. |
| 260 | |a New York : |b Chelsea, |c 1956. | ||
| 300 | |a ix, 357 p. ; |c cm. | ||
| 510 | 4 | |a MR, |c 13,766c | |
| 100 | 1 | |a Hilbert, David, |d 1862-1943. | |
| 240 | 1 | 0 | |a Anschauliche Geometrie. |l Inglés |
| 700 | 1 | |a Cohn-Vossen, S. |q (Stephan), |d 1902-1936. | |
| 084 | |a 51-01 (51-02 53-01) |2 msc2000 | ||
| 041 | 1 | |a eng |h ger | |
| 859 | |h 51 |i H641 |p A-450 |b BIB. MATEMATICA | ||
